Southville International School and Colleges
Your cart is empty.
  • Cart
  • Lists
    Public lists Eva Luna New books Lux_list list_1
    Your lists Log in to create your own lists
  • Log in to your account
  • Your cookies
  • Search history
Southville International School and Colleges
  • Advanced search
  • Recent comments
  • Most popular
  • Libraries

Log in to your account

Log in with GOOGLE


If you do not have an external account, but do have a local account, you can still log in:

  1. Home
  2. MARC view: Chicken soup for the soul :
Normal view MARC view ISBD view

Chicken soup for the soul : (Record no. 110653)

[ view plain ]
MARC details
000 -LEADER
fixed length control field 00487nam a2200169 a 4500
001 - CONTROL NUMBER
control field 4050
005 - DATE AND TIME OF LATEST TRANSACTION
control field 20140414131901.0
008 - FIXED-LENGTH DATA ELEMENTS--GENERAL INFORMATION
fixed length control field 081211s19uu xx 00 eng d
020 ## - INTERNATIONAL STANDARD BOOK NUMBER
International Standard Book Number
050 ## - LIBRARY OF CONGRESS CALL NUMBER
Classification number M 158.1
Item number C16 2005
245 ## - TITLE STATEMENT
Title Chicken soup for the soul :
Remainder of title The book of christmas virtues /
Statement of responsibility, etc [compiled by] Jack Canfield ... [et al.].
260 ## - PUBLICATION, DISTRIBUTION, ETC. (IMPRINT)
Place of publication, distribution, etc New York :
Name of publisher, distributor, etc Scholastic ,
Date of publication, distribution, etc 2005.
650 ## - SUBJECT ADDED ENTRY--TOPICAL TERM
Topical term or geographic name as entry element
General subdivision
700 ## - ADDED ENTRY--PERSONAL NAME
Personal name Canfield, Jack
700 ## - ADDED ENTRY--PERSONAL NAME
Personal name Hansen, Mark Victor
Holdings
Withdrawn status Lost status Damaged status Home library Current library Shelving location Date acquired Total Checkouts Full call number Barcode Date last seen Price effective from Koha item type
      Munich Library Munich Library Main Section 09/18/2010   M 158.1 C16 2005 M1115 04/14/2014 04/14/2014 Books

Chicken soup for the soul :

APA

Canfield J., Hansen M. V., . (2005). Chicken soup for the soul. New York: Scholastic.

Chicago

Canfield Jack, Hansen Mark Victor, . 2005. Chicken soup for the soul. New York: Scholastic.

Harvard

Canfield J., Hansen M. V., . (2005). Chicken soup for the soul. New York: Scholastic.

MLA

Canfield Jack, Hansen Mark Victor, . Chicken soup for the soul. New York: Scholastic. 2005.

  • Place hold
  • Print
  • Cite
  • Add to your cart (remove)
  • Save record
    BIBTEX Dublin Core MARCXML MARC (non-Unicode/MARC-8) MARC (Unicode/UTF-8) MARC (Unicode/UTF-8, Standard) MODS (XML) RIS
  • More searches
    Search for this title in:
    Other Libraries (WorldCat) Other Databases (Google Scholar) Online Stores (Bookfinder.com) Open Library (openlibrary.org)

Exporting to Dublin Core...

SOUTHVILLE LIBRARY

Southville International School and Colleges Library

1281 Tropical Ave. Cor. Luxembourg St., BF Homes International, Las Pinas City

Tel. No. 8256374 / 252358 Loc. 117/146

Powered by Koha